000
00214 a2200097 4500
001
47639
100
_a
Industrialist
245
_a
Rubber goods
260
_a
Calcutta
_b
Industry publisher
_c
090
_c
30651
_d
30651
942
_a
NUST-CAE
_c
M
_c
22949
999
_c
282712
_d
282712